000 00420nam a22001697a 4500
005 20260310153829.0
008 260309b |||||||| |||| 00| 0 eng d
020 _a978-93-89987-43-0
041 _aeng
082 _a635.9 ARO-I
100 _aARORA, J.S
_93513
245 _aINTRODUCTORY ORNAMENTAL HORTICULTURE
260 _aLUDHIANA
_bKALYANI PUBLISHERS
300 _a377P;
650 _aAGRICULTURE
942 _cBK
999 _c9060
_d9058